Wings of Fire; Dragonslayer quiz - Statistics

General Stats
  • This quiz has been taken 116 times
  • The average score is 10 of 15
Answer Stats
Hint Answer % Correct
Main character Wren
97%
Main character Ivy
93%
Main character Leaf
91%
the real Dragonslayer Stone
90%
Dragonslayer's younger sister Rose
84%
Dragonslayer's real name Heath
82%
prince of indestructible city Undauntable
75%
Main character friend # 1 Daffodil
71%
Main character friend #2 Violet
69%
sister of main character Rowen
59%
Dragonmacer #1 Trout
46%
Dragonmacer # 2 Crow
41%
spy from the indestructible city Boar
40%
Dragonmacer # 3 Gorge
38%
from Talisman name starts with B Butterfly
29%
No matching quizzes found
Score Distribution
Percent of People with Each Score
Percentile by Number Answered
Your Score History
You have not taken this quiz